| 000 | 00801nam a2200253Ia 4500 | ||
|---|---|---|---|
| 003 | OSt | ||
| 005 | 20251117094815.0 | ||
| 008 | 210210b2007 xxu||||| |||| 00| 0 eng d | ||
| 040 | _cAL | ||
| 041 | _aKannada | ||
| 082 | _aK894.301 USHA | ||
| 100 |
_aUSHA PRASAD _dಉಷಾ ಪ್ರಸಾದ್ _9159808 |
||
| 245 |
_aAbbey falls estate kamanabillu mattu antaranga _bಅಬ್ಬೆಫಾಲ್ಸ್ ಎಸ್ಟೇಟ್ ಕಾಮನಬಿಲ್ಲು ಮತ್ತು ಅಂತರಂಗ |
||
| 260 |
_aBengaluru _bNot Mentioned _c2007 |
||
| 300 | _a223 | ||
| 650 |
_amattu _9159809 |
||
| 650 |
_akamanabillu _9159810 |
||
| 650 |
_aestate _9159811 |
||
| 650 |
_aantaranga _9159812 |
||
| 650 |
_aAbbefals _9159813 |
||
| 690 |
_aKannada Fiction _9159814 |
||
| 906 | _a063133 | ||
| 942 |
_2ddc _cBK |
||
| 999 |
_c134409 _d134409 |
||